[Event "DEM U10 2023"]
[Site "Willingen GER"]
[Date "2023.05.29"]
[Round "3"]
[White "Pawlak, Antoni"]
[Black "Belin, Anton"]
[Result "1/2-1/2"]
[Termination "normal"]
[Board "5"]
[WhiteElo "1323"]
[BlackElo "1662"]
[WhiteClock "00:52:10"]
[BlackClock "00:57:20"]
[PlyCount "113"]
[WhiteFideId "34605460"]
[BlackFideId "34610952"]
[EventCountry "GER"]
[EventRounds "11"]
[EventType "swiss"]
[EventDate "2023.05.27"]

1. e4 {[%clk 01:15:58]} {[%emt 00:00:02]} c5 {[%clk 01:15:59]} {[%emt
00:00:01]} 2. Nf3 {[%clk 01:16:21]} {[%emt 00:00:07]} d6 {[%clk 01:16:28]}
{[%emt 00:00:01]} 3. d4 {[%clk 01:16:45]} {[%emt 00:00:06]} cxd4 {[%clk
01:16:54]} {[%emt 00:00:04]} 4. Qxd4 {[%clk 01:17:10]} {[%emt 00:00:05]} Nc6
{[%clk 01:17:16]} {[%emt 00:00:08]} 5. Bb5 {[%clk 01:17:35]} {[%emt 00:00:04]}
Bd7 {[%clk 01:17:41]} {[%emt 00:00:05]} 6. Bxc6 {[%clk 01:17:55]} {[%emt
00:00:11]} Bxc6 {[%clk 01:18:03]} {[%emt 00:00:07]} 7. Nc3 {[%clk 01:18:20]}
{[%emt 00:00:05]} Nf6 {[%clk 01:18:16]} {[%emt 00:00:17]} 8. Bg5 {[%clk
01:18:46]} {[%emt 00:00:04]} e6 {[%clk 01:18:40]} {[%emt 00:00:07]} 9. O-O-O
{[%clk 01:19:08]} {[%emt 00:00:08]} Be7 {[%clk 01:18:53]} {[%emt 00:00:17]} 10.
Rhe1 {[%clk 01:19:27]} {[%emt 00:00:10]} O-O {[%clk 01:18:42]} {[%emt
00:00:41]} 11. e5 {[%clk 01:19:38]} {[%emt 00:00:20]} dxe5 {[%clk 01:19:06]}
{[%emt 00:00:06]} 12. Qh4 {[%clk 01:20:00]} {[%emt 00:00:08]} Qc7 {[%clk
01:18:31]} {[%emt 00:01:06]} 13. Nxe5 {[%clk 01:18:36]} {[%emt 00:01:53]} Nd5
{[%clk 01:17:33]} {[%emt 00:01:27]} 14. Nxd5 {[%clk 01:17:38]} {[%emt
00:01:29]} Bxg5+ {[%clk 01:16:16]} {[%emt 00:01:47]} 15. Qxg5 {[%clk 01:17:03]}
{[%emt 00:01:02]} Bxd5 {[%clk 01:16:39]} {[%emt 00:00:09]} 16. Qh4 {[%clk
01:14:08]} {[%emt 00:03:26]} f6 {[%clk 01:15:29]} {[%emt 00:01:39]} 17. Ng4
{[%clk 01:13:24]} {[%emt 00:01:13]} Bxa2 {[%clk 01:15:05]} {[%emt 00:00:56]}
18. Re3 {[%clk 01:03:06]} {[%emt 00:10:48]} Bd5 {[%clk 01:14:38]} {[%emt
00:00:57]} 19. Rh3 {[%clk 01:01:16]} {[%emt 00:02:19]} Be4 {[%clk 01:14:36]}
{[%emt 00:00:33]} 20. Nxf6+ {[%clk 01:01:03]} {[%emt 00:00:43]} Rxf6 {[%clk
01:14:54]} {[%emt 00:00:12]} 21. Qxe4 {[%clk 01:01:26]} {[%emt 00:00:07]} Rg6
{[%clk 01:15:11]} {[%emt 00:00:12]} 22. Rdd3 {[%clk 01:00:26]} {[%emt
00:01:30]} Rf8 {[%clk 01:10:24]} {[%emt 00:05:17]} 23. Rdg3 {[%clk 00:59:37]}
{[%emt 00:01:19]} Qf4+ {[%clk 01:08:45]} {[%emt 00:02:09]} 24. Qxf4 {[%clk
00:59:05]} {[%emt 00:01:02]} Rxf4 {[%clk 01:09:06]} {[%emt 00:00:09]} 25. Rxg6
{[%clk 00:59:18]} {[%emt 00:00:17]} hxg6 {[%clk 01:09:29]} {[%emt 00:00:08]}
26. f3 {[%clk 00:58:42]} {[%emt 00:01:05]} Kf7 {[%clk 01:09:08]} {[%emt
00:00:51]} 27. Kd2 {[%clk 00:58:52]} {[%emt 00:00:19]} Kf6 {[%clk 01:09:26]}
{[%emt 00:00:13]} 28. Ke3 {[%clk 00:59:07]} {[%emt 00:00:15]} Rb4 {[%clk
01:09:36]} {[%emt 00:00:21]} 29. b3 {[%clk 00:59:26]} {[%emt 00:00:11]} a5
{[%clk 01:09:15]} {[%emt 00:00:50]} 30. Rh8 {[%clk 00:59:36]} {[%emt 00:00:21]}
a4 {[%clk 01:09:12]} {[%emt 00:00:33]} 31. bxa4 {[%clk 00:59:51]} {[%emt
00:00:14]} Rxa4 {[%clk 01:09:34]} {[%emt 00:00:09]} 32. Rb8 {[%clk 00:59:27]}
{[%emt 00:00:54]} Rb4 {[%clk 01:09:32]} {[%emt 00:00:32]} 33. g4 {[%clk
00:58:15]} {[%emt 00:01:42]} b5 {[%clk 01:07:34]} {[%emt 00:02:28]} 34. h4
{[%clk 00:57:21]} {[%emt 00:01:24]} Rb2 {[%clk 01:05:03]} {[%emt 00:03:00]} 35.
Rc8 {[%clk 00:55:38]} {[%emt 00:02:13]} b4 {[%clk 01:04:47]} {[%emt 00:00:46]}
36. g5+ {[%clk 00:55:22]} {[%emt 00:00:46]} Ke5 {[%clk 01:03:54]} {[%emt
00:01:22]} 37. f4+ {[%clk 00:55:13]} {[%emt 00:00:40]} Kd6 {[%clk 01:03:11]}
{[%emt 00:01:13]} 38. Kf3 {[%clk 00:55:07]} {[%emt 00:00:37]} b3 {[%clk
01:02:54]} {[%emt 00:00:47]} 39. cxb3 {[%clk 00:55:28]} {[%emt 00:00:09]} Rxb3+
{[%clk 01:03:18]} {[%emt 00:00:06]} 40. Kg4 {[%clk 00:55:40]} {[%emt 00:00:18]}
Ke7 {[%clk 01:02:17]} {[%emt 00:01:30]} 41. h5 {[%clk 00:55:40]} {[%emt
00:00:30]} gxh5+ {[%clk 00:58:22]} {[%emt 00:04:25]} 42. Kxh5 {[%clk 00:56:03]}
{[%emt 00:00:07]} Rb4 {[%clk 00:58:03]} {[%emt 00:00:49]} 43. Rc7+ {[%clk
00:55:59]} {[%emt 00:00:14]} Ke8 {[%clk 00:57:38]} {[%emt 00:01:15]} 44. Rxg7
{[%clk 00:54:06]} {[%emt 00:02:23]} Rxf4 {[%clk 00:57:22]} {[%emt 00:00:46]}
45. g6 {[%clk 00:53:58]} {[%emt 00:00:38]} Kf8 {[%clk 00:56:18]} {[%emt
00:01:35]} 46. Rb7 {[%clk 00:53:25]} {[%emt 00:01:02]} Kg8 {[%clk 00:56:14]}
{[%emt 00:00:35]} 47. Re7 {[%clk 00:53:32]} {[%emt 00:00:23]} Rf8 {[%clk
00:55:01]} {[%emt 00:01:41]} 48. Rxe6 {[%clk 00:53:21]} {[%emt 00:00:42]} Rf1
{[%clk 00:54:33]} {[%emt 00:00:59]} 49. Kg5 {[%clk 00:50:51]} {[%emt 00:02:59]}
Rg1+ {[%clk 00:54:56]} {[%emt 00:00:07]} 50. Kf6 {[%clk 00:51:13]} {[%emt
00:00:08]} Rf1+ {[%clk 00:55:18]} {[%emt 00:00:09]} 51. Kg5 {[%clk 00:50:54]}
{[%emt 00:00:48]} Rg1+ {[%clk 00:55:34]} {[%emt 00:00:14]} 52. Kh4 {[%clk
00:51:04]} {[%emt 00:00:21]} Kg7 {[%clk 00:55:52]} {[%emt 00:00:12]} 53. Kh5
{[%clk 00:51:06]} {[%emt 00:00:26]} Rh1+ {[%clk 00:56:13]} {[%emt 00:00:09]}
54. Kg5 {[%clk 00:50:52]} {[%emt 00:00:45]} Rg1+ {[%clk 00:56:37]} {[%emt
00:00:06]} 55. Kh5 {[%clk 00:51:18]} {[%emt 00:00:04]} Rh1+ {[%clk 00:57:02]}
{[%emt 00:00:05]} 56. Kg5 {[%clk 00:51:45]} {[%emt 00:00:04]} Rg1+ {[%clk
00:57:20]} {[%emt 00:00:12]} 57. Kh5 {[%clk 00:52:10]} {[%emt 00:00:04]}
1/2-1/2

[Event "DEM U10 2023"]
[Site "Willingen GER"]
[Date "2023.05.29"]
[Round "3"]
[White "Teng, David"]
[Black "Tarasenko, Nazar"]
[Result "0-1"]
[Termination "normal"]
[Board "6"]
[WhiteElo "1554"]
[BlackElo "1970"]
[WhiteClock "00:40:49"]
[BlackClock "01:10:17"]
[PlyCount "76"]
[WhiteFideId "34604570"]
[BlackFideId "34161430"]
[EventCountry "GER"]
[EventRounds "11"]
[EventType "swiss"]
[EventDate "2023.05.27"]

1. e4 {[%clk 01:15:55]} c5 {[%clk 01:15:59]} {[%emt 00:00:03]} 2. Nf3 {[%clk
01:16:20]} {[%emt 00:00:05]} d6 {[%clk 01:16:23]} {[%emt 00:00:06]} 3. d4
{[%clk 01:16:36]} {[%emt 00:00:13]} cxd4 {[%clk 01:16:49]} {[%emt 00:00:05]} 4.
Nxd4 {[%clk 01:16:55]} {[%emt 00:00:11]} Nf6 {[%clk 01:17:14]} {[%emt
00:00:05]} 5. Nc3 {[%clk 01:16:59]} {[%emt 00:00:26]} a6 {[%emt 00:00:11]} 6.
Bg5 {[%clk 01:16:58]} {[%emt 00:00:24]} e6 {[%clk 01:18:05]} {[%emt 00:00:06]}
7. Qf3 {[%clk 01:16:19]} {[%emt 00:01:08]} Be7 {[%clk 01:14:08]} {[%emt
00:04:26]} 8. O-O-O {[%clk 01:15:19]} {[%emt 00:01:30]} Nbd7 {[%clk 01:11:32]}
{[%emt 00:03:07]} 9. a3 {[%clk 01:15:13]} {[%emt 00:00:37]} Ne5 {[%clk
01:08:41]} {[%emt 00:03:20]} 10. Qe2 {[%clk 01:12:02]} {[%emt 00:03:42]} Nxe4
{[%clk 01:05:59]} {[%emt 00:03:11]} 11. Bxe7 {[%clk 01:11:48]} {[%emt
00:00:44]} Nxc3 {[%clk 01:06:23]} {[%emt 00:00:06]} 12. Bxd8 {[%clk 01:12:10]}
{[%emt 00:00:09]} Nxe2+ {[%clk 01:06:40]} {[%emt 00:00:13]} 13. Nxe2 {[%clk
01:12:26]} {[%emt 00:00:13]} Kxd8 {[%clk 01:07:04]} {[%emt 00:00:06]} 14. Rxd6+
{[%clk 01:12:27]} {[%emt 00:00:28]} Ke7 {[%clk 01:07:22]} {[%emt 00:00:13]} 15.
Rd1 {[%clk 01:12:06]} {[%emt 00:00:51]} Ng4 {[%clk 01:07:44]} {[%emt 00:00:09]}
16. Rd4 {[%clk 01:09:12]} {[%emt 00:03:23]} e5 {[%clk 01:08:01]} {[%emt
00:00:13]} 17. Rd2 {[%clk 01:05:52]} {[%emt 00:03:49]} Nxf2 {[%clk 01:08:02]}
{[%emt 00:00:30]} 18. Rg1 {[%clk 01:05:59]} {[%emt 00:00:23]} Ne4 {[%clk
01:07:18]} {[%emt 00:01:14]} 19. Rd1 {[%clk 01:06:13]} {[%emt 00:00:16]} f6
{[%clk 01:07:35]} {[%emt 00:00:13]} 20. Ng3 {[%clk 01:03:43]} {[%emt 00:03:00]}
Nxg3 {[%clk 01:07:55]} {[%emt 00:00:10]} 21. hxg3 {[%clk 01:04:09]} {[%emt
00:00:04]} Bf5 {[%clk 01:08:11]} {[%emt 00:00:14]} 22. Bc4 {[%clk 01:01:49]}
{[%emt 00:02:50]} Rac8 {[%clk 01:08:28]} {[%emt 00:00:13]} 23. Bb3 {[%clk
01:02:04]} {[%emt 00:00:14]} Rhd8 {[%clk 01:08:33]} {[%emt 00:00:25]} 24. Rxd8
{[%clk 00:56:53]} {[%emt 00:05:41]} Rxd8 {[%clk 01:07:18]} {[%emt 00:01:47]}
25. Rd1 {[%clk 00:56:35]} {[%emt 00:00:47]} Rxd1+ {[%clk 01:07:41]} 26. Kxd1
{[%clk 00:57:05]} {[%emt 00:00:07]} Be4 {[%clk 01:07:57]} {[%emt 00:00:14]} 27.
Bg8 {[%clk 00:55:02]} {[%emt 00:02:32]} h6 {[%clk 01:08:21]} {[%emt 00:00:08]}
28. c4 {[%clk 00:54:31]} {[%emt 00:01:00]} Bxg2 {[%clk 01:08:44]} {[%emt
00:00:07]} 29. b4 {[%clk 00:52:21]} {[%emt 00:02:40]} b6 {[%clk 01:08:19]}
{[%emt 00:00:55]} 30. Kd2 {[%clk 00:49:39]} {[%emt 00:03:12]} Kd6 {[%clk
01:08:41]} {[%emt 00:00:08]} 31. Ke3 {[%clk 00:47:41]} {[%emt 00:02:27]} Bc6
{[%clk 01:08:16]} {[%emt 00:00:56]} 32. Bh7 {[%clk 00:47:40]} {[%emt 00:00:31]}
Bd7 {[%clk 01:08:23]} {[%emt 00:00:23]} 33. Be4 {[%clk 00:46:43]} {[%emt
00:01:27]} f5 {[%clk 01:08:47]} {[%emt 00:00:05]} 34. Bb7 {[%clk 00:47:02]}
{[%emt 00:00:12]} a5 {[%clk 01:09:11]} {[%emt 00:00:06]} 35. Bg2 {[%clk
00:45:08]} {[%emt 00:02:24]} axb4 {[%clk 01:09:35]} {[%emt 00:00:06]} 36. axb4
{[%clk 00:45:34]} {[%emt 00:00:04]} g5 {[%clk 01:09:56]} {[%emt 00:00:09]} 37.
Kd3 {[%clk 00:41:53]} {[%emt 00:04:11]} f4 {[%clk 01:09:52]} {[%emt 00:00:34]}
38. gxf4 {[%clk 00:40:49]} {[%emt 00:01:34]} gxf4 {[%clk 01:10:17]} {[%emt
00:00:05]} 0-1

[Event "DEM U10 2023"]
[Site "Willingen GER"]
[Date "2023.05.29"]
[Round "3"]
[White "Zargaran, Sepas"]
[Black "Gersemann, Karl"]
[Result "1/2-1/2"]
[Termination "normal"]
[Board "7"]
[WhiteElo "1540"]
[BlackElo "1751"]
[WhiteClock "00:15:17"]
[BlackClock "00:38:11"]
[PlyCount "77"]
[WhiteFideId "34625275"]
[BlackFideId "34602186"]
[EventCountry "GER"]
[EventRounds "11"]
[EventType "swiss"]
[EventDate "2023.05.27"]

1. e4 {[%clk 01:15:57]} e5 {[%clk 01:15:43]} {[%emt 00:00:18]} 2. Nf3 {[%clk
01:16:22]} {[%emt 00:00:05]} Nc6 {[%clk 01:15:41]} {[%emt 00:00:30]} 3. Bb5
{[%clk 01:16:49]} {[%emt 00:00:05]} a6 {[%clk 01:15:56]} {[%emt 00:00:15]} 4.
Ba4 {[%clk 01:17:14]} {[%emt 00:00:05]} d6 {[%clk 01:15:41]} {[%emt 00:00:43]}
5. c3 {[%clk 01:17:06]} {[%emt 00:00:40]} f5 {[%clk 01:15:41]} {[%emt
00:00:30]} 6. d3 {[%clk 01:16:12]} {[%emt 00:01:23]} Nf6 {[%clk 01:15:14]}
{[%emt 00:00:57]} 7. O-O {[%clk 01:14:32]} {[%emt 00:02:10]} Be7 {[%clk
01:14:22]} {[%emt 00:01:22]} 8. Nbd2 {[%clk 01:06:36]} {[%emt 00:08:27]} b5
{[%clk 01:11:31]} {[%emt 00:03:22]} 9. Bc2 {[%clk 01:05:25]} {[%emt 00:01:41]}
O-O {[%clk 01:10:43]} {[%emt 00:01:16]} 10. d4 {[%clk 01:04:26]} {[%emt
00:01:30]} fxe4 {[%clk 01:07:42]} {[%emt 00:03:31]} 11. Nxe4 {[%clk 01:04:17]}
{[%emt 00:00:38]} Nxe4 {[%clk 01:06:59]} {[%emt 00:01:15]} 12. Bxe4 {[%clk
00:58:48]} {[%emt 00:05:59]} d5 {[%clk 01:05:27]} {[%emt 00:02:01]} 13. Qb3
{[%clk 00:58:08]} {[%emt 00:01:10]} Be6 {[%clk 01:04:28]} {[%emt 00:01:29]} 14.
Ng5 {[%clk 00:50:32]} {[%emt 00:08:05]} Bxg5 {[%clk 01:02:24]} {[%emt
00:02:34]} 15. Bxg5 {[%clk 00:50:31]} {[%emt 00:00:32]} Qd7 {[%clk 01:00:31]}
{[%emt 00:02:24]} 16. Bf3 {[%clk 00:44:06]} {[%emt 00:06:55]} exd4 {[%clk
00:57:50]} {[%emt 00:03:10]} 17. Rad1 {[%clk 00:41:34]} {[%emt 00:03:02]} Ne5
{[%clk 00:54:59]} {[%emt 00:03:20]} 18. cxd4 {[%clk 00:39:49]} {[%emt
00:02:17]} Nxf3+ {[%clk 00:54:15]} {[%emt 00:01:14]} 19. gxf3 {[%clk 00:39:36]}
{[%emt 00:00:41]} Bh3 {[%clk 00:53:59]} {[%emt 00:00:47]} 20. Rfe1 {[%clk
00:39:30]} {[%emt 00:00:35]} Rae8 {[%clk 00:52:37]} {[%emt 00:01:53]} 21. Rxe8
{[%clk 00:33:09]} {[%emt 00:06:51]} Rxe8 {[%clk 00:52:13]} {[%emt 00:00:54]}
22. Bh4 {[%clk 00:32:33]} {[%emt 00:01:03]} Qe6 {[%clk 00:50:31]} {[%emt
00:02:14]} 23. Qe3 {[%clk 00:29:33]} {[%emt 00:03:30]} Qg6+ {[%clk 00:49:07]}
{[%emt 00:01:55]} 24. Qg5 {[%clk 00:28:01]} {[%emt 00:02:01]} Qxg5+ {[%clk
00:48:56]} {[%emt 00:00:41]} 25. Bxg5 {[%clk 00:27:33]} {[%emt 00:00:59]} Re2
{[%clk 00:47:36]} {[%emt 00:01:48]} 26. Bd2 {[%clk 00:24:14]} {[%emt 00:03:50]}
Re6 {[%clk 00:45:35]} {[%emt 00:02:31]} 27. Kh1 {[%clk 00:23:53]} {[%emt
00:00:45]} Rf6 {[%clk 00:43:30]} {[%emt 00:02:41]} 28. f4 {[%clk 00:23:33]}
{[%emt 00:00:51]} Bg4 {[%clk 00:42:51]} {[%emt 00:01:09]} 29. Rc1 {[%clk
00:20:09]} {[%emt 00:03:53]} Bf3+ {[%clk 00:41:28]} {[%emt 00:01:54]} 30. Kg1
{[%clk 00:20:03]} {[%emt 00:00:36]} Be2 {[%clk 00:40:29]} {[%emt 00:01:28]} 31.
h3 {[%clk 00:18:54]} {[%emt 00:01:39]} c6 {[%clk 00:39:31]} {[%emt 00:01:28]}
32. a3 {[%clk 00:16:06]} {[%emt 00:03:20]} Bf3 {[%clk 00:39:05]} {[%emt
00:00:55]} 33. Kh2 {[%clk 00:16:15]} {[%emt 00:00:21]} Rg6 {[%clk 00:37:57]}
{[%emt 00:01:38]} 34. Rg1 {[%clk 00:16:25]} {[%emt 00:00:18]} Rxg1 {[%clk
00:37:44]} {[%emt 00:00:45]} 35. Kxg1 {[%clk 00:16:49]} {[%emt 00:00:06]} Kf7
{[%clk 00:37:52]} {[%emt 00:00:21]} 36. Kh2 {[%clk 00:16:36]} {[%emt 00:00:43]}
Ke6 {[%clk 00:38:05]} {[%emt 00:00:16]} 37. Kg3 {[%clk 00:17:01]} {[%emt
00:00:07]} Bd1 {[%clk 00:38:06]} {[%emt 00:00:23]} 38. Bb4 {[%clk 00:16:00]}
{[%emt 00:01:37]} Kf5 {[%clk 00:38:11]} {[%emt 00:00:24]} 39. f3 {[%clk
00:15:17]} {[%emt 00:01:14]} 1/2-1/2

[Event "DEM U10 2023"]
[Site "Willingen GER"]
[Date "2023.05.29"]
[Round "3"]
[White "Menke, Raphael Wilhelm"]
[Black "Fels, Mattis"]
[Result "1-0"]
[Termination "normal"]
[Board "8"]
[WhiteElo "1884"]
[BlackElo "1682"]
[WhiteClock "00:50:26"]
[BlackClock "00:02:42"]
[PlyCount "85"]
[WhiteFideId "34621008"]
[BlackFideId "34623795"]
[EventCountry "GER"]
[EventRounds "11"]
[EventType "swiss"]
[EventDate "2023.05.27"]

1. e4 {[%clk 01:15:59]} {[%emt 00:27:11]} c5 {[%clk 01:15:54]} {[%emt
00:00:05]} 2. Nc3 {[%clk 01:16:26]} {[%emt 00:00:03]} e6 {[%clk 01:16:19]}
{[%emt 00:00:06]} 3. f4 {[%clk 01:16:50]} {[%emt 00:00:05]} a6 {[%clk
01:16:38]} {[%emt 00:00:11]} 4. Nf3 {[%clk 01:17:13]} {[%emt 00:00:07]} d5
{[%clk 01:17:00]} {[%emt 00:00:09]} 5. d3 {[%clk 01:17:14]} {[%emt 00:00:28]}
Nc6 {[%clk 01:17:16]} {[%emt 00:00:14]} 6. g3 {[%clk 01:15:20]} {[%emt
00:02:23]} g6 {[%clk 01:17:18]} {[%emt 00:00:28]} 7. Bg2 {[%clk 01:15:37]}
{[%emt 00:00:14]} Bg7 {[%clk 01:17:24]} {[%emt 00:00:24]} 8. O-O {[%clk
01:15:17]} {[%emt 00:00:49]} Nge7 {[%clk 01:16:57]} {[%emt 00:00:58]} 9. Qe2
{[%clk 01:14:22]} {[%emt 00:01:24]} O-O {[%clk 01:14:16]} {[%emt 00:03:12]} 10.
Nh4 {[%clk 01:12:10]} {[%emt 00:02:42]} Nd4 {[%clk 00:58:28]} {[%emt 00:16:19]}
11. Qd1 {[%clk 01:11:49]} {[%emt 00:00:49]} f5 {[%clk 00:45:24]} {[%emt
00:13:36]} 12. e5 {[%clk 01:11:09]} {[%emt 00:01:10]} b5 {[%clk 00:40:43]}
{[%emt 00:05:11]} 13. Be3 {[%clk 01:09:48]} {[%emt 00:01:50]} Bb7 {[%clk
00:30:18]} {[%emt 00:10:56]} 14. Ne2 {[%clk 01:04:44]} {[%emt 00:05:32]} Nxe2+
{[%clk 00:25:29]} {[%emt 00:05:20]} 15. Qxe2 {[%clk 01:04:58]} {[%emt
00:00:16]} Rc8 {[%clk 00:25:32]} {[%emt 00:00:27]} 16. Rfd1 {[%clk 01:02:44]}
{[%emt 00:02:44]} c4 {[%clk 00:24:36]} {[%emt 00:01:27]} 17. dxc4 {[%clk
01:02:08]} {[%emt 00:01:05]} Rxc4 {[%clk 00:24:36]} {[%emt 00:00:30]} 18. b3
{[%clk 01:01:06]} {[%emt 00:01:32]} Rc8 {[%clk 00:21:56]} {[%emt 00:03:11]} 19.
Nf3 {[%clk 01:00:18]} {[%emt 00:01:16]} Nc6 {[%clk 00:21:50]} {[%emt 00:00:37]}
20. c4 {[%clk 01:00:09]} {[%emt 00:00:39]} bxc4 {[%clk 00:18:11]} {[%emt
00:04:08]} 21. bxc4 {[%clk 01:00:08]} {[%emt 00:00:32]} Qe7 {[%clk 00:18:03]}
{[%emt 00:00:37]} 22. cxd5 {[%clk 00:58:11]} {[%emt 00:02:28]} exd5 {[%clk
00:18:17]} {[%emt 00:00:16]} 23. Ng5 {[%clk 00:58:19]} {[%emt 00:00:22]} d4
{[%clk 00:17:08]} {[%emt 00:01:39]} 24. Bxd4 {[%clk 00:54:53]} {[%emt
00:03:57]} Nxd4 {[%clk 00:17:11]} {[%emt 00:00:26]} 25. Rxd4 {[%clk 00:55:12]}
{[%emt 00:00:10]} Bxg2 {[%clk 00:17:37]} {[%emt 00:00:05]} 26. Kxg2 {[%clk
00:54:57]} {[%emt 00:00:46]} Qb7+ {[%clk 00:15:44]} {[%emt 00:02:22]} 27. Nf3
{[%clk 00:53:59]} {[%emt 00:01:28]} Rc3 {[%clk 00:14:46]} {[%emt 00:01:27]} 28.
Rad1 {[%clk 00:53:06]} {[%emt 00:01:23]} g5 {[%clk 00:12:37]} {[%emt 00:02:40]}
29. Kf2 {[%clk 00:51:40]} {[%emt 00:01:56]} g4 {[%clk 00:12:46]} {[%emt
00:00:21]} 30. Ng5 {[%clk 00:51:07]} {[%emt 00:01:03]} h6 {[%clk 00:12:36]}
{[%emt 00:00:41]} 31. Ne6 {[%clk 00:51:21]} {[%emt 00:00:15]} Rf3+ {[%clk
00:12:52]} {[%emt 00:00:14]} 32. Kg1 {[%clk 00:51:38]} {[%emt 00:00:12]} Rc8
{[%clk 00:04:50]} {[%emt 00:08:32]} 33. Nxg7 {[%clk 00:50:53]} {[%emt
00:01:16]} Qxg7 {[%clk 00:04:55]} {[%emt 00:00:25]} 34. Qxa6 {[%clk 00:49:47]}
{[%emt 00:01:36]} Rf8 {[%clk 00:03:38]} {[%emt 00:01:47]} 35. Rd7 {[%clk
00:48:31]} {[%emt 00:01:46]} Rf7 {[%clk 00:02:16]} {[%emt 00:01:52]} 36. Qe6
{[%clk 00:48:34]} {[%emt 00:00:25]} Rc3 {[%clk 00:01:37]} {[%emt 00:01:10]} 37.
Rxf7 {[%clk 00:48:23]} {[%emt 00:00:42]} Qxf7 {[%clk 00:01:59]} {[%emt
00:00:08]} 38. Rd8+ {[%clk 00:48:44]} {[%emt 00:00:09]} Kg7 {[%clk 00:02:23]}
{[%emt 00:00:06]} 39. Rd7 {[%clk 00:49:00]} {[%emt 00:00:14]} Rc1+ {[%clk
00:02:32]} {[%emt 00:00:21]} 40. Kf2 {[%clk 00:49:24]} {[%emt 00:00:05]} Rc2+
{[%clk 00:02:55]} {[%emt 00:00:09]} 41. Ke3 {[%clk 00:49:39]} {[%emt 00:00:12]}
Rc7 {[%clk 00:02:19]} {[%emt 00:01:07]} 42. Qxf7+ {[%clk 00:49:59]} {[%emt
00:00:10]} Kh8 {[%clk 00:02:42]} {[%emt 00:00:07]} 43. Qh7# {[%clk 00:50:26]}
{[%emt 00:00:04]} 1-0

[Event "DEM U10 2023"]
[Site "Willingen GER"]
[Date "2023.05.29"]
[Round "3"]
[White "Wagener, Nicolas"]
[Black "Pradeep, Harshill"]
[Result "0-1"]
[Termination "normal"]
[Board "9"]
[WhiteElo "1506"]
[BlackElo "1482"]
[WhiteClock "01:11:52"]
[BlackClock "01:04:48"]
[PlyCount "54"]
[WhiteFideId "34607935"]
[BlackFideId "34629513"]
[EventCountry "GER"]
[EventRounds "11"]
[EventType "swiss"]
[EventDate "2023.05.27"]

1. e4 {[%clk 01:15:59]} {[%emt 00:27:11]} e5 {[%clk 01:15:52]} {[%emt
00:00:08]} 2. Bc4 {[%clk 01:16:24]} {[%emt 00:00:04]} Nc6 {[%clk 01:16:14]}
{[%emt 00:00:09]} 3. Nf3 {[%emt 00:00:26]} f5 {[%clk 01:16:23]} {[%emt
00:00:07]} 4. Bxg8 {[%clk 01:15:53]} {[%emt 00:01:18]} Rxg8 {[%clk 01:16:42]}
{[%emt 00:00:11]} 5. exf5 {[%clk 01:16:10]} {[%emt 00:00:13]} e4 {[%clk
01:16:05]} {[%emt 00:01:08]} 6. Ne5 {[%clk 01:12:40]} {[%emt 00:03:59]} Nxe5
{[%clk 01:16:23]} {[%emt 00:00:12]} 7. Qh5+ {[%clk 01:13:03]} {[%emt 00:00:07]}
Nf7 {[%clk 01:16:30]} {[%emt 00:00:24]} 8. Qxh7 {[%clk 01:12:57]} {[%emt
00:00:33]} Rh8 {[%clk 01:16:53]} {[%emt 00:00:10]} 9. Qg6 {[%clk 01:13:09]}
{[%emt 00:00:16]} d5 {[%clk 01:12:51]} {[%emt 00:04:33]} 10. O-O {[%clk
01:13:28]} {[%emt 00:00:12]} Rh6 {[%clk 01:12:50]} {[%emt 00:00:31]} 11. Qg4
{[%clk 01:13:46]} {[%emt 00:00:11]} Qf6 {[%clk 01:12:41]} {[%emt 00:00:39]} 12.
d3 {[%clk 01:13:38]} {[%emt 00:00:38]} Rh4 {[%clk 01:12:35]} {[%emt 00:00:36]}
13. Qe2 {[%clk 01:13:30]} {[%emt 00:00:38]} Bxf5 {[%clk 01:12:28]} {[%emt
00:00:37]} 14. g3 {[%clk 01:13:41]} {[%emt 00:00:20]} Rh8 {[%clk 01:10:45]}
{[%emt 00:02:12]} 15. dxe4 {[%clk 01:14:00]} {[%emt 00:00:11]} dxe4 {[%clk
01:11:04]} {[%emt 00:00:11]} 16. f3 {[%clk 01:14:19]} {[%emt 00:00:11]} O-O-O
{[%clk 01:07:00]} {[%emt 00:04:35]} 17. fxe4 {[%clk 01:14:35]} {[%emt
00:00:13]} Bc5+ {[%clk 01:07:15]} {[%emt 00:00:15]} 18. Be3 {[%clk 01:13:51]}
{[%emt 00:01:15]} Qb6 {[%clk 01:06:40]} {[%emt 00:01:05]} 19. Bxc5 {[%clk
01:11:16]} {[%emt 00:03:04]} Qxc5+ {[%clk 01:07:00]} {[%emt 00:00:10]} 20. Kh1
{[%clk 01:11:24]} {[%emt 00:00:23]} Rxh2+ {[%clk 01:02:03]} {[%emt 00:05:26]}
21. Kxh2 {[%clk 01:11:31]} {[%emt 00:00:23]} Rh8+ {[%clk 01:02:26]} {[%emt
00:00:07]} 22. Kg2 {[%clk 01:11:38]} {[%emt 00:00:23]} Bh3+ {[%clk 01:02:52]}
{[%emt 00:00:05]} 23. Kf3 {[%clk 01:10:58]} {[%emt 00:01:09]} Ne5+ {[%clk
01:03:12]} {[%emt 00:00:11]} 24. Kf4 {[%clk 01:11:20]} {[%emt 00:00:08]} Rf8+
{[%clk 01:03:33]} {[%emt 00:00:09]} 25. Kg5 {[%clk 01:11:35]} {[%emt 00:00:14]}
Nf3+ {[%clk 01:03:58]} {[%emt 00:00:06]} 26. Kg6 {[%clk 01:11:45]} {[%emt
00:00:19]} Qg5+ {[%clk 01:04:23]} {[%emt 00:00:06]} 27. Kh7 {[%clk 01:11:52]}
{[%emt 00:00:22]} Qh6+ {[%clk 01:04:48]} {[%emt 00:00:05]} 0-1